Všechno nebo nic /
Romantický příběh o lásce, která přichází, když ji nečekáte. Eleanor utíká na druhý konec světa, aby si léčila rány z předchozího nevydařeného vztahu. A lékem na srdce se zdá být její protivný spolubydlící Ian.
Uloženo v:
| Hlavní autor: | |
|---|---|
| Médium: | E-kniha |
| Jazyk: | Czech |
| Vydáno: |
Praha :
Fotuna Libri,
2025
|
| Vydání: | První vydání |
| Témata: | |
| Tagy: |
Žádné tagy |
| LEADER | 02380nam a2200385 i 4500 | ||
|---|---|---|---|
| 001 | 312687 | ||
| 003 | CZ PrSKC | ||
| 005 | 20260601215727.0 | ||
| 007 | ta | ||
| 008 | 250411s2025 xr g 000 f cze | ||
| 015 | |a cnb003681619 | ||
| 020 | |a 9788075466556 |q (vázáno) | ||
| 035 | |a (OCoLC)1522999681 | ||
| 040 | |a ABG001 |b cze |d ABA001 |e rda | ||
| 072 | 7 | |a 821.162.3-3 |x Česká próza |2 Konspekt | |
| 080 | |a 821.162.3-31 |2 MRF | ||
| 080 | |a (0:82-312.5) |2 MRF | ||
| 100 | 1 | |a Bowart, Anna, |d 1997- |7 xx0331311 |4 aut | |
| 245 | 1 | 0 | |a Všechno nebo nic / |c Anna Bowart |
| 250 | |a První vydání | ||
| 264 | 1 | |a Praha : |b Fotuna Libri, |c 2025 | |
| 300 | |a 301 stran ; |c 22 cm | ||
| 336 | |a text |b txt |2 rdacontent | ||
| 337 | |a bez média |b n |2 rdamedia | ||
| 338 | |a svazek |b nc |2 rdacarrier | ||
| 520 | 2 | |a Romantický příběh o lásce, která přichází, když ji nečekáte. Eleanor utíká na druhý konec světa, aby si léčila rány z předchozího nevydařeného vztahu. A lékem na srdce se zdá být její protivný spolubydlící Ian. |b Eleanor udělala to, o čem sní mnoho žen - našla sílu, sbalila si kufry a utekla před toxickým vztahem až na Nový Zéland. Doufá, že tisíce kilometrů a čas její šrámy na srdci zahojí. Snaží se začít nový život, ale spolubydlící Ian jí situaci rozhodně neulehčuje. Je protivný, arogantní a neochvějně odhodlaný držet si ženy dál od těla. I on má svou minulost. Možná ale ani jeden z nich není tak silný, jak se snaží vypadat. Zdá se, že hádky a vzájemné provokování jen maskují rostoucí přitažlivost. Obstojí křehce vznikající pouto, když se El bude muset vrátit domů, nebo je osud rozdělí? Nakladatelská anotace. | |
| 655 | 7 | |a české romány |7 fd133974 |2 czenas | |
| 655 | 7 | |a milostné romány |7 fd132840 |2 czenas | |
| 655 | 9 | |a Czech fiction |2 eczenas | |
| 655 | 9 | |a love novels |2 eczenas | |
| 900 | |a ABA001 |b 19 | ||
| 044 | |a xr | ||
| 910 | |a RBIT002 | ||
| 998 | |d 418198 |a https://core.palmknihy.cz/api/books/418198/cover?su70p1 |b https://core.palmknihy.cz/api/books/418198/cover/400?su70p1 |c https://core.palmknihy.cz/api/books/418198/cover/50?su70p1 |e 2032-02-27 |g 304 |i 9788075466556 |j https://core.palmknihy.cz/api/books/418198/preview.epub |k https://core.palmknihy.cz/api/books/418198/preview.pdf |l |q 49 |r 1 |s https://www.palmknihy.cz/kniha/418198 |t ebook |y 2025 |z 0 | ||
| 999 | |d 312685 | ||